| 000 | 00737nam a22002297i 4500 | ||
|---|---|---|---|
| 003 | URS | ||
| 005 | 20220114153021.0 | ||
| 008 | 160518b xxu||||| |||| 00| 0 eng d | ||
| 020 | _a9789715426800 | ||
| 040 |
_erda _cURSP-College Library _beng |
||
| 050 | _b302.2309599 T26i 2012 | ||
| 100 | 1 | _aTeodoro, Luis V. | |
| 245 |
_aIn Medias Res, in the Middle of things: _bEssays on the Philippine Press and Media _cLuis V. Teodoro |
||
| 264 | 1 |
_aQuezon City _bThe University of the Philippines Press _c2012. |
|
| 300 |
_avi, 307pages _c23cm |
||
| 336 |
_atext _btxt _2rdacontent |
||
| 337 |
_aunmediated _bn _2rdamedia |
||
| 338 |
_avolume _bnc _2rdacarrier |
||
| 500 | _aIncludes index | ||
| 650 | 0 | _aMass media--Philippines. | |
| 942 |
_2lcc _cF |
||
| 999 |
_c8015 _d8015 |
||